000 00705nam a2200241Ia 4500
003 OSt
005 20220926000751.0
006 a|||||r|||| 00| 0
007 ta
008 220923b |||||||| |||| 00| 0 eng d
037 _cGeneral Book
040 _aRTL
_cRTL
_beng
041 _2eng
_aeng
082 _aY31:6.252.N8, M2
100 _aSingh R G
_9299717
245 0 _aRural modernisation
_b Contradiction and change
260 _a New Delhi
_bIntellectual Publishing House
_c1982
300 _a243p
_ccm.
500 _aBibliography: P 217-38
650 _aRural Social Change
_9232348
942 _hY31:6.252.N8, M2
_cGB
_2CC
999 _c599696
_d599696